Drapeaux vers Capitales #1 - Statistiques

Statistiques générales
  • Ce quiz a été pris 296 fois
  • Le résultat moyen est 16 sur 20
Statistiques - réponses
Par images Réponse % Correct
Brasilia
97%
Madrid
97%
Berlin
96%
Athènes
95%
Ottawa
95%
Pékin
95%
Kiev
94%
New Delhi
94%
Canberra
92%
Buenos Aires
91%
Amsterdam
89%
Ankara
84%
Rabat
84%
Budapest
81%
Riyad
67%
Caracas
62%
Bagdad
61%
Hanoï
57%
Kuala Lumpur
57%
Dodoma
34%
Aucun quiz correspondant
Distribution des résultats
% des personnes avec chaque résultat
Percentile par nombre de réponses
Votre historique - résultats
Vous n’avez pas pris ce quiz